Pupil personnel service (Record no. 55800)

MARC details
000 -LEADER
fixed length control field 00348nam a2200133Ia 4500
005 - DATE AND TIME OF LATEST TRANSACTION
control field 20240821152016.0
008 - FIXED-LENGTH DATA ELEMENTS--GENERAL INFORMATION
fixed length control field 240821s9999||||xx |||||||||||||| ||und||
082 ## - DEWEY DECIMAL CLASSIFICATION NUMBER
Classification number 371.42 PUP
100 ## - MAIN ENTRY--PERSONAL NAME
Personal name Davis, Frank G.
245 #0 - TITLE STATEMENT
Title Pupil personnel service
260 ## - PUBLICATION, DISTRIBUTION, ETC.
Place of publication, distribution, etc. Pennsylvania
Name of publisher, distributor, etc. International textbook company
Date of publication, distribution, etc. 1948
300 ## - PHYSICAL DESCRIPTION
Extent xii,638p.
942 ## - ADDED ENTRY ELEMENTS (KOHA)
Koha item type Book
Holdings
Withdrawn status Lost status Damaged status Not for loan Home library Current library Date acquired Total checkouts Barcode Date last seen Price effective from Koha item type
        Library and Documentation Division NCERT Library and Documentation Division NCERT 08/21/2024   38271 08/21/2024 08/21/2024 Book